Catálogo público

Estadísticas vitales (Record no. 86770)

MARC details
000 -CABECERA
campo de control de longitud fija 01635cam a22003857a 4500
003 - IDENTIFICADOR DEL NÚMERO DE CONTROL
campo de control CHAP
005 - FECHA Y HORA DE LA ÚLTIMA TRANSACCIÓN
campo de control 20220329142721.0
008 - DATOS DE LONGITUD FIJA--INFORMACIÓN GENERAL
campo de control de longitud fija 030120d2002 mx rs 00110 spa d
010 ## - NÚMERO DE CONTROL DE LA BIBLIOTECA DEL CONGRESO
Número de control de LC 86770
011 ## - ENLACE DEL NUMERO DE CONTROL DE LA BIBLIOTECA DEL CONGRESO [OBSOLETO]
Número de control de LC 87742
020 ## - NÚMERO INTERNACIONAL ESTÁNDAR DEL LIBRO
Número Internacional Estándar del Libro 9701338111
035 ## - NÚMERO DE CONTROL DEL SISTEMA
Número de control de sistema 98286
040 ## - FUENTE DE LA CATALOGACIÓN
Centro/agencia transcriptor CHAP
082 04 - NÚMERO DE LA CLASIFICACIÓN DECIMAL DEWEY
Número de clasificación 312.0972
Número de documento/Ítem I65
110 2# - ENTRADA PRINCIPAL--NOMBRE DE ENTIDAD CORPORATIVA
Nombre de entidad corporativa o nombre de jurisdicción como elemento de entrada Instituto Nacional de Estadística, Geografía e Informática. México
9 (RLIN) 59304
245 10 - MENCIÓN DE TÍTULO
Título Estadísticas vitales
Mención de responsabilidad, etc. /por Instituto Nacional de Estadística Geografía e Informática
260 ## - PUBLICACIÓN, DISTRIBUCIÓN, ETC.
Lugar de publicación, distribución, etc. Aguascalientes, Ags. :
Nombre del editor, distribuidor, etc. Instituto Nacional de Estadística Geografía e Informatica,
Fecha de publicación, distribución, etc. 2001-
300 ## - DESCRIPCIÓN FÍSICA
Extensión v. :
Otras características físicas gráfs.
490 #0 - MENCIÓN DE SERIE
Mención de serie Boletín de estadísticas continuas, demográficas y sociales
500 ## - NOTA GENERAL
Nota general La biblioteca tiene: 2001, 2002, 2003, 2005
590 ## - NOTA LOCAL (RLIN)
Nota local BATCH-UPD
Procedencia (VM) [OBSOLETO] 10
Condición del los carretes individuales (VM) [OBSOLETO] 20130109
-- UCH01
-- 2308
590 ## - NOTA LOCAL (RLIN)
Nota local BATCH-UPD
Procedencia (VM) [OBSOLETO] 10
Condición del los carretes individuales (VM) [OBSOLETO] 20130110
-- UCH01
-- 0545
590 ## - NOTA LOCAL (RLIN)
Nota local BATCH-UPD
Procedencia (VM) [OBSOLETO] 10
Condición del los carretes individuales (VM) [OBSOLETO] 20130409
-- UCH01
-- 1825
590 ## - NOTA LOCAL (RLIN)
Nota local BATCH-UPD
Procedencia (VM) [OBSOLETO] 10
Condición del los carretes individuales (VM) [OBSOLETO] 20130410
-- UCH01
-- 0226
590 ## - NOTA LOCAL (RLIN)
Nota local BATCH-UPD
Procedencia (VM) [OBSOLETO] 10
Condición del los carretes individuales (VM) [OBSOLETO] 20130914
-- UCH01
-- 0651
590 ## - NOTA LOCAL (RLIN)
Nota local CONVERSION
Procedencia (VM) [OBSOLETO] 10
Condición del los carretes individuales (VM) [OBSOLETO] 20130109
-- UCH01
-- 1348
650 14 - PUNTO DE ACCESO ADICIONAL DE MATERIA--TÉRMINO DE MATERIA
Término de materia o nombre geográfico como elemento de entrada México
Subdivisión general Estadísticas vitales.
9 (RLIN) 76746
830 00 - PUNTO DE ACCESO ADICIONAL DE SERIE-TÍTULO UNIFORME
Título uniforme Boletín de estadísticas continuas, demográficas y sociales
9 (RLIN) 13524
901 ## - ELEMENTOS DE DATOS A LOCAL LDA (RLIN)
a BK
942 ## - ELEMENTOS DE PUNTO DE ACCESO ADICIONAL (KOHA)
Tipo de ítem Koha Libro
949 ## - PROCESAMIENTO DE INFORMACIÓN LOCAL (OCLC)
a 312.0972 I65
b BC
c INEGI
d 33724000886669
e INEGI
f 2001
h 103474
i 98286
s b
949 ## - PROCESAMIENTO DE INFORMACIÓN LOCAL (OCLC)
a 312.0972 I65
b BC
c INEGI
d 33724000893707
e INEGI
f 2002
h 103592
i 98286
s b
949 ## - PROCESAMIENTO DE INFORMACIÓN LOCAL (OCLC)
a 312.0972 I65
b BC
c INEGI
d 33724000970315
e INEGI
f 2003
g D
h 107577
i 98286
s b
949 ## - PROCESAMIENTO DE INFORMACIÓN LOCAL (OCLC)
a 312.0972 I65
b BC
c INEGI
d 33724000992889
e INEGI
f 2005
g DonaciØn
h 107777
i 98286
s b
Holdings
Estado de retiro Estado de pérdida Estado dañado Restricciones de uso No para préstamo Código de colección Localización permanente Ubicación/localización actual Fecha de adquisición Fuente de adquisición Información codificada de la localización en otra ubicación Número de inventario Total de préstamos Signatura topográfica completa Código de barras Fecha visto por última vez Número de copia Precio válido a partir de Tipo de ítem Koha
      Préstamo 3 días   Publicaciones INEGI Biblioteca Central Biblioteca Central 31/12/2019 D LIBRO 127   312.0972 I65 33724000886669 31/12/2019 2001 31/12/2019 Libro
      Préstamo 3 días   Publicaciones INEGI Biblioteca Central Biblioteca Central 31/12/2019 Donacion LIBRO 127   312.0972 I65 33724000893707 31/12/2019 2002 31/12/2019 Libro
      Préstamo 3 días   Publicaciones INEGI Biblioteca Central Biblioteca Central 31/12/2019   LIBRO 127   312.0972 I65 33724000970315 31/12/2019 2003 31/12/2019 Libro
      Préstamo 3 días   Publicaciones INEGI Biblioteca Central Biblioteca Central 31/12/2019   LIBRO 127   312.0972 I65 33724000992889 31/12/2019 2005 31/12/2019 Libro